Constitution made easy (Record no. 1678989)

MARC details
000 -LEADER
fixed length control field 00525nam a2200205 4500
005 - DATE AND TIME OF LATEST TRANSACTION
control field 20260209125313.0
008 - FIXED-LENGTH DATA ELEMENTS--GENERAL INFORMATION
fixed length control field 260209b |||||||| |||| 00| 0 eng d
020 ## - INTERNATIONAL STANDARD BOOK NUMBER
International Standard Book Number 9789391076375
037 ## - SOURCE OF ACQUISITION
Terms of availability Satyam Books
040 ## - CATALOGING SOURCE
Original cataloging agency FLL
Transcribing agency FLL
041 ## - LANGUAGE CODE
Source of code eng
Language code of text/sound track or separate title eng
084 ## - COLON CLASSIFICATION NUMBER
Classification number V2:2:(Z) R2
Item number 1
Assigning agency FLL
100 ## - MAIN ENTRY--PERSONAL NAME
Personal name Bariyar,Ashish
9 (RLIN) 1114588
245 ## - TITLE STATEMENT
Title Constitution made easy
250 ## - EDITION STATEMENT
Edition statement 1st
260 ## - PUBLICATION, DISTRIBUTION, ETC.
Place of publication, distribution, etc. Delhi
Name of publisher, distributor, etc. Whitesmann
Date of publication, distribution, etc. 2022
300 ## - PHYSICAL DESCRIPTION
Extent xxv,468p
650 ## - SUBJECT ADDED ENTRY--TOPICAL TERM
Topical term or geographic name entry element Constitutional Law
9 (RLIN) 1114589
942 ## - ADDED ENTRY ELEMENTS (KOHA)
Source of classification or shelving scheme Colon Classification (CC)
Suppress in OPAC No
Koha item type Textbook
Edition 1st
Holdings
Withdrawn status Lost status Source of classification or shelving scheme Damaged status Not for loan Home library Current library Date acquired Source of acquisition Cost, normal purchase price Inventory number Total Checkouts Barcode Date last seen Copy number Price effective from Koha item type
    Colon Classification (CC)     Faculty of Law Library Faculty of Law Library 2025-12-17 Satyam books 995.00 1240/17/12/2025   LL1943027 2026-02-09 1 2026-02-09 Textbook
    Colon Classification (CC)     Faculty of Law Library Faculty of Law Library 2025-12-17 Satyam books 995.00 1240/17/12/2025   LL1943028 2026-02-09 2 2026-02-09 Textbook
    Colon Classification (CC)     Faculty of Law Library Faculty of Law Library 2025-12-17 Satyam books 995.00 1240/17/12/2025   LL1943029 2026-02-09 3 2026-02-09 Textbook
Copyright @ Delhi University Library System